| 000 | 00684nam a2200241Ia 4500 | ||
|---|---|---|---|
| 005 | 20260430150628.0 | ||
| 008 | 008 250103s9999 xx 000 0 eng d | ||
| 037 | _aTheses | ||
| 040 | _aCRL | ||
| 040 | _beng | ||
| 040 | _ceng | ||
| 041 | _2eng | ||
| 041 | _aeng | ||
| 084 | _qCRL | ||
| 100 |
_aDoley Shankar Jyoti Au.; Mathur Vibha Gu. _91238042 |
||
| 245 | 0 | _aTrends and Prospects of India’s Trade with Asean+5: A Study of Last 20 Years (2001-2020) | |
| 260 | _c2024 | ||
| 300 | _a214p. | ||
| 650 | _aCommerce | ||
| 700 |
_aUniversity of Delhi. Faculty of Commerce and Business Studies. Deptt. of Commerce _91237511 |
||
| 942 | _cTH | ||
| 999 |
_c1850247 _d1850247 |
||